Tadiaľ vedú chodníčky /

Hlavní autor: Pohl, Josef, 1918-1988
Další autoři: Mináriková, Marianna, 1930-2012, Ondreička, Peter, 1947-1990
Jazyk: Slovenština
Vydáno: Bratislava : Mladé letá, 1990
Vydání: 1. vyd.
Edice: Priatelia
Fyzický popis: 141 s.
Knihy
Uloženo v:
LEADER 01013nam a2200289 a 4500
001 000619176
003 CZ BrMZK
005 20160719151529.0
007 ta
008 020827s1990 xo f slo d
040 |a BOA001  |b cze  |c BOA001 
041 1 |a slo  |h cze 
080 |a 885.0-93-32=854  |2 MRF 
100 1 |a Pohl, Josef,  |d 1918-1988  |7 jk01100297  |4 aut 
245 1 0 |a Tadiaľ vedú chodníčky /  |c Josef Pohl ; z českého originálu preložila Marianna Prídavková-Mináriková ; ilustroval Peter Ondreička 
250 |a 1. vyd. 
260 |a Bratislava :  |b Mladé letá,  |c 1990 
300 |a 141 s. 
490 1 |a Priatelia 
521 |a Pro čtenáře od 9 let 
700 1 |a Mináriková, Marianna,  |d 1930-2012  |7 ola2002152287  |4 trl 
700 1 |a Ondreička, Peter,  |d 1947-1990  |7 mzk2004228204  |4 ill 
765 0 |t Tudy vedou stezky  |9 Slovensky 
830 0 |a Priatelia 
910 |a BOA001  |b M2-0956.288 
990 |a BK 
996 7 |b 2619148275  |c M2-0956.288  |l MZK  |r Sklad / do 24 hodin  |n 0  |w 000619176  |u 000010  |a 1  |e BOA001  |j MZK50  |s A